Zdobywcy Pucharu Narodów Afryki - Statystyki

Ogólne statystyki
  • Ten quiz został rozwiązany 115 razy
  • Średni wynik to 12 z 15
Statystyki odpowiedzi
Puchar Kraj % Poprawnych
7 (1957, 1959, 1986, 1998, 2006, 2008, 2010) Egipt
99%
1 (1976) Maroko
92%
1 (1996) Republika Południowej Afryki
92%
1 (2021) Senegal
92%
5 (1984, 1988, 2000, 2002, 2017) Kamerun
87%
3 (1980, 1994, 2013) Nigeria
85%
3 (1992, 2015, 2023) Wybrzeże Kości Słoniowej
83%
2 (1968, 1974) Demokratyczna Republika Konga
82%
2 (1990, 2019) Algieria
81%
1 (2004) Tunezja
79%
4 (1963, 1965, 1978, 1982) Ghana
78%
1 (1972) Kongo
65%
1 (1970) Sudan
65%
1 (2012) Zambia
63%
1 (1962) Etiopia
56%
Nie znaleziono quizów pasujących do podanych kryteriów
Rozkład punktacji
Procent ludzi z każdym wynikiem
Percentyl według liczby udzielonych odpowiedzi
Twoja historia wyników
Nie rozwiązałeś tego quizu